Kliknij powiaty województwa lubuskiego na mapie - Statystyki

Ogólne statystyki
  • Ten quiz został rozwiązany 1 816 razy
  • Średni wynik to 9 z 14
Odpowiedzi na mapie
Odpowiedzi zakodowano w zielono-czerwonej skali na mapie do tego quizu, zgodnie z poniższymi procentami.
 
Statystyki odpowiedzi
Odpowiedź % Poprawnych
zielonogórski
85%
gorzowski
84%
Zielona Góra
84%
Gorzów Wielkopolski
83%
słubicki
67%
strzelecko-drezdenecki
66%
międzyrzecki
64%
wschowski
63%
krośnieński
60%
świebodziński
60%
żarski
59%
nowosolski
58%
sulęciński
57%
żagański
56%
Nie znaleziono quizów pasujących do podanych kryteriów
Rozkład punktacji
Procent ludzi z każdym wynikiem
Percentyl według liczby udzielonych odpowiedzi
Twoja historia wyników
Nie rozwiązałeś tego quizu